000 00500nam a2200181Ia 4500
001 3504
005 20260306145648.0
008 260306t2008||||xx |||||||||||||| ||spa||
041 _aESP
082 _a282.8
_bB135
100 _aBenedict, Pope
_eAUT
245 0 _aPope Benedict in America:
_bthe full texts of papal talks given during his apostolic visit to the United States
260 _c2008
300 _a154 páginas :
_c21 cm.
650 _aGEN
654 _aCHU
942 _cLIB
_dJUS
_fJUS
_2ddc
_n
999 _c3504
_d3504